Le titre est dans les paroles #1 - Statistiques

Statistiques générales
  • Ce quiz a été pris 121 002 fois
  • Le résultat moyen est 12 sur 20
Statistiques - réponses
Chanson Paroles % Correct
Basique, Orelsan, 2017 Simple, {basique} Vous n'avez pas les bases
88%
Djadja, Aya Nakamura, 2018 Y'a pas moyen {Djadja} J'suis pas ta catin {Djadja} genre, en catchana baby tu dead ça
86%
La vie en rose, Edith Piaf, 1947 Quand il me prend dans ses bras Il me parle tout bas Je vois {la} {vie} {en} {rose}
83%
Pas là, Vianney, 2014 Mais t'es {pas} {là}, mais t'es où ? {Pas là} Mais t'es {pas} {là}, mais t'es où ? {Pas là}
81%
J'ai demandé à la lune, Indochine, 2002 {J'ai} {demandé} {à} {la} {lune} Et le soleil ne le sait pas
80%
Je veux, Zaz, 2010 {Je} {veux} d'l'amour, d'la joie, de la bonne humeurC'n'est pas votre argent qui fera mon bonheur
77%
Toi + Moi, Grégoire, 2008 {Toi}, {plus} {moi}, plus eux, plus tous ceux qui le veulent Plus lui, plus elle, et tous ceux qui sont seuls
77%
Jour 1, Louane, 2015 C'est le {jour} {1}, celui qu'on retient Celui qui s'efface quand tu me remplaces
76%
Trop beau, Lomepal, 2018 Je te déteste comme cette phrase qui dit C'était {trop} {beau} pour être vrai
73%
J't'emmène au vent, Louise Attaque, 1997 Allez viens, {j't'emmène} {au} {vent} Je t'emmène au dessus des gens
71%
Elle me dit, Mika, 2011 Pourquoi tu gâches ta vie ? Danse, danse, danse, {elle} {me} {dit} danse
70%
Il jouait du piano debout, France Gall, 1980 {Il} {jouait} {du} {piano} {debout} C'est peut-être un détail pour vous
66%
Alors on danse, Stromae, 2010 Alors on sort pour oublier tous les problèmes {Alors} {on} {danse}
62%
Je te promets, Johnny Hallyday, 1986 {Je} {te} {promets} le sel au baiser de ma bouche {Je} {te} {promets} le miel à ma main qui te touche
42%
Je ne suis pas un héros, Daniel Balavoine, 1980 {Je} {ne} {suis} {pas} {un} {héros} Faut pas croire ce que disent les journaux
36%
Le temps est bon, Isabelle Pierre, 1971 {Le} {temps} {est} {bon}, le ciel est bleu
33%
Saga Africa, Yannick Noah, 1991 {Saga} {Africa}, ambiance de la brousse {Saga} {Africa}, attention les secousses
30%
Pourvu qu'elles soient douces, Mylène Farmer, 1988 Tu t'entêtes à te foutre de tout Mais {pourvu} {qu'elles} {soient} {douces}
15%
Je danse le MIA, IAM, 1993 {Je} {danse} {le} {MIA} Hey DJ, mets nous donc du Funk, que {je} {danse} {le} {MIA}
11%
Le vent nous portera, Noir Désir, 2001 Tout disparaîtra mais {Le} {vent} {nous} {portera}
9%
Aucun quiz correspondant
Distribution des résultats
% des personnes avec chaque résultat
Percentile par nombre de réponses
Votre historique - résultats
Vous n’avez pas pris ce quiz